| 000 | 00795nam a2200229Ia 4500 | ||
|---|---|---|---|
| 005 | 20250108124908.0 | ||
| 008 | 008 250107s9999 xx 000 0 hin d | ||
| 020 | _a978-93-91378-47-9 | ||
| 037 | _aTB | ||
| 040 |
_aCRL _bhin _cCRL |
||
| 041 |
_ahin _2hin |
||
| 084 | _aQ1:24x 152Q0 | ||
| 084 | _qCRL | ||
| 100 | _aवाजपेयी, कैलाश, ले. | ||
| 245 | 0 |
_aशब्द संसार _cवाजपेयी, कैलाश, ले. |
|
| 260 |
_aनई दिल्ली, भारत _bभारतीय ज्ञानपीठ _c2579 |
||
| 300 | _a227पृ0 | ||
| 365 |
_aINR _b240 |
||
| 650 |
_aहिन्दी निबंधहिन्दी साहित्य _9729733 |
||
| 942 |
_cTB _hQ1:24x 152Q0 |
||
| 999 |
_c1234967 _d1234967 |
||